Statistiques concernant Trouve les Mots Composés !

Cliquez ici pour prendre le quiz!

Statistiques générales

  • Ce quiz a été pris 22 fois
  • Le résultat moyen est 2 sur 8

Statistiques - réponses

DébutMot à trouverFin% Correct
LégumeChou fleurTulipe
35%
MangerCroque monsieurHomme
35%
HenryHarry PotterPoster
35%
CercleRond pointBilan
24%
UnitéOne PieceMonnaie
18%
NationPays-BasFaible
12%
AvionJetPunkRebelle
6%
OffensiveL'attaque des titansGéants
0%

Distribution des résultats

Percentile par nombre de réponses

% des personnes avec chaque résultat

Votre développement - résultats

Vous n’avez pas pris ce quiz